Statistics for Countries that Visit Kenya the Most

Click here to take the quiz!

General Stats

  • This quiz has been taken 58 times
  • The average score is 6 of 8

Answer Stats

Visits Country % Correct
166,700United Kingdom
98%
144,400United States
96%
33,000Tanzania
94%
95,200Germany
93%
53,700Italy
87%
53,000Uganda
78%
84,400India
61%
29,800Switzerland
31%

Score Distribution

Percentile by Number Answered

Percent of People with Each Score

Your Score History

You have not taken this quiz